000 00607nam a2200217Ia 4500
005 20241129120022.0
008 241129s9999||||xx |||||||||||||| ||und||
020 _a9789353451691
037 _aTB
040 _aSDCL
_beng
_cSDCL
041 _aeng
_2eng
084 _aV2y7M75, R3
_qSDCL
100 _aZubrzycki John
_9728932
245 0 _aDethroned: Patel, Menon and the integration of princely India
260 _aNew Delhi
_bJuggernaut
_c2023
300 _aviii,337p.
365 _aINR
_b799
650 _aPolitical Science
942 _cTB
_hV2y7M75, R3
999 _c1233000
_d1233000